000 00903nam a2200241Ia 4500
999 _c51903
_d51903
001 18903
003 GE_BSU
005 20221004120030.0
008 181216s2011||||ge |||||||||||||| ||geo||
020 _a9789941104282
040 _cGE_BSU
041 _ageo
080 _a343.9
100 _aშალიკაშვილი, მორის
_96791
245 _aკრიმინალისტიკა
_b[სახელმძღვ.] /
_cმორის შალიკაშვილი.
250 _aმე 2 გადამუშ.
264 _aთბილისი ;
_bმერიდიანი,
_c2011.
300 _a338 გვ.:
_bცხრ. ;
_c24 სმ.
504 _aბიბლიოგრ. ტექსტ. შენიშვნ. და გვ. 308-332.
653 _aკრიმინალისტიკა
653 _aსამართალი
942 _cBK
_2udc